| 000 | 01113cab a22002055a 4500 | ||
|---|---|---|---|
| 001 | L137078 | ||
| 008 | 070313e2007 xxk 000 0 eng d | ||
| 035 | _a(Sirsi) u137078 | ||
| 041 | _aeng | ||
| 100 | 1 | _aBordoli, David | |
| 245 | _aAnalysis paralysis | ||
| 260 | _c2007 | ||
| 490 | 0 |
_aConstruction Manager _vFebruary 2007, 23(1) |
|
| 520 | _aRecent research reveals that, in spite of the Society for Construction Law "Delay and disruption protocol" (ISBN 0954383117), the UK construction industry lacks proficiency when it comes to analysing delays and cost overruns. The 2006 survey, conducted as part of the developing protocols for virtual prototyping international research project, examined the most useful analysis technique and the most frequently used software for analysing delays. The results indicate a lack of awareness of the protocol and its favoured techniques. | ||
| 590 | _aKA | ||
| 650 | 2 | 4 | _aSOCIETY OF CONSTRUCTION LAW DELAY AND DISRUPTION PROTOCOL |
| 651 | 4 |
_aUnited Kingdom _y |
|
| 690 | _aBUILT ENVIRONMENT-CONSTRUCTION MANAGEMENT-BUILDING CONTRACT ADMINISTRATION | ||
| 942 | _n0 | ||
| 999 |
_c78537 _d78537 |
||